Регионална библиотека "Любен Каравелов" - Русе

Cours de litterature, conforme au plan d'etudes des lycees (Запис номер 423381)

MARC детайли
000 -Лидер
Контролно поле с фиксирана дължина nam a22 a 4500
003 - Код на организацията, давaща контролен номер
Контролно поле BLK
005 - Дата и час на последна редакция
Контролно поле 20210710105902.0
008 - Елементи от данни с фиксирана дължина
fixed length control field 210709b bu |||||r|||| 00| | bu d
040 ## - Източник на каталожния запис
Идентификатор на билиотеката - собственик на записа BLK
041 ## - Код за език
Код за езика на текст/звукозапис или на отделно заглавие Български
Код за езика КДБФ Български
072 ## - Код за тематичната категория
9 (RLIN) 178367
Код за тематична категория Ц
Текст Редки и ценни
080 ## - УДК
Текстов определител УДК Френска литература
УДК код - определител по УДК 821.133.1
УДК определител (075)
УДК - код + определител 821.133.1(075)
100 ## - Редна дума - Автор
R(LIN) 1299
Автор Geruzez, Eugene
Авторска отговорност първи автор
139 ## - Редно поле
Редна дума Geruzez, Eugene
245 ## - Сведения за заглавието
Заглавие Cours de litterature, conforme au plan d'etudes des lycees
Редно поле (дума) E. Gеruzez
250 ## - Област на изданието
Сведения за изданието 14-e ed.
260 ## - Област на издателските данни
9 (RLIN) 435974
Място на издаване, разпространение и проч. Paris
Име на издателя, разпространителя и проч. Maison Jules Delalain et Fils
Година на издаване 1867
300 ## - Физическа характеристика
Страници 224 p.
Размери/Мащаб 18 cm
380 ## - Жанр
Жанр Литературознание
490 ## - СЕРИИ (Колекции)
9 (RLIN) 435080
Име на серия Колекция Редки и ценни издания
659 #7 - Тематичен бюлетин
9 (RLIN) 178164
Тематичен бюлетин Ц
Тематичен бюлетин - текст Редки и ценни
852 ## - Местоположение
Форматна сигнатура Рф 867
Фондова буква Редки и ценни
999 ## - СИСТЕМНИ КОНТРОЛНИ НОМЕРА
Koha biblionumber 423381
Koha biblioitemnumber 423381
942 ## - АРТИКУЛИ
Вид на библиотечния материал Книги
Скрит в OPAC Не
Периодичен библиозапис Да
944 ## - СЪЗДАВАНЕ И РЕДАКЦИЯ на ЗАПИСА
Създаване/Редакция Създаване
Дата на регистрацията/редакция 2021-07-09
Служител, извършил регистрацията/редакцията А.М.
999 ## - СИСТЕМНИ КОНТРОЛНИ НОМЕРА
Koha biblioitemnumber 423381
999 ## - СИСТЕМНИ КОНТРОЛНИ НОМЕРА
Koha biblioitemnumber 423381
Наличности
Код за отписване Код за изгубен артикул Източник на класификационната схема Код за повреда Коз за рестрикции Код за отдаване Артикулен № Име на библиотеката - собственик Име на библиотеката, в която се намира в момента Статус (Текущо местоположение) Дата на вписване в системата Местоположение - отдел Цена в лева Инвентарен номер Систематично азбучна сигнатура Баркод Цена в евро Служебен тип на артикула
  Не е изгубен Universal Decimal Classification Не е повреден само за читалня Специални фондове ( старопечатни, редки и ценни, фонд М. Арнаудов) 854692 Регионална библиотека "Любен Каравелов" Русе Регионална библиотека "Любен Каравелов" Русе Редки и ценни 2021-09-24 Редки и ценни 0.42 4020 Рф 867 900000068417 0.21 Книги
Vip Innovations Ltd, Rousse, Bulgaria 2025